000 00449 a2200121 4500
001 ART_9444
005 20260410161836.0
008 260409a
245 1 0 _aPautas para una mejor determinación del resultado sectorial en las áreas de finanzas y comercialización
100 1 _aYardin, Amaro Ramón
700 1 _aRodríguez Jauregui, Hugo A.
773 0 _tContabilidad y administración
_g- Año 4, Nº 45 (mar. 1981)
_wREV5485
999 _c23634
_d23634